Most PPR Fantasy Points in a Game for Every Team - Statistics

General Stats
  • This quiz has been taken 28 times
  • The average score is 9 of 32
Answer Stats
Team Points Player % Correct
SFF 65.5 Jerry Rice
69%
LAR 54.8 Harold Jackson
65%
CAR 47.7 Christian McCaffrey
62%
CLE 55.9 Jim Brown
62%
ATL 50.8 Julio Jones
62%
WAS 52.5 Larry Brown
62%
NOS 56.2 Alvin Kamara
50%
JAX 62.1 Jimmy Smith
50%
DET 53.1 Barry Sanders
42%
KAN 59.5 Jamaal Charles
38%
CIN 55.6 Ja'Marr Chase
38%
IND 53.4 Jonathan Taylor
35%
PIT 54.9 Roy Jefferson
31%
NEP 51.6 Wes Welker
27%
ARI 48.4 Dave Williams
23%
SEA 59.1 Steve Largent
23%
TBB 55.2 Doug Martin
15%
CHI 58.2 Gale Sayers
15%
NYJ 49.4 Wesley Walker
15%
HOU 53.7 Will Fuller
15%
DEN 57.4 Clinton Portis
12%
LVR 58.7 Art Powell
8%
TEN 68 Billy Cannon
8%
MIA 51.3 De'Von Achane
8%
DAL 52.1 Frank Clarke
8%
BUF 60.7 Jerry Butler
8%
LAC 57.4 Kellen Winslow
8%
BAL 49.8 Qadry Ismail
8%
MIN 51.2 Chuck Foreman
4%
NYG 50.4 Earnest Gray
4%
PHI 51.1 Kevin Curtis
4%
GBP 49.9 Paul Hornung
0%
No matching quizzes found
Score Distribution
Percent of People with Each Score
Percentile by Number Answered
Your Score History
You have not taken this quiz